| 000 | 00581nam a2200181 4500 | ||
|---|---|---|---|
| 005 | 20241019062519.0 | ||
| 999 |
_c14424 _d14424 |
||
| 008 | 190919b ||||| |||| 00| 0 eng d | ||
| 020 | _a978-1-77361-348-2 | ||
| 082 |
_22019 _aDC 070.4 _bM366 |
||
| 100 |
_aMartinez, Sandra M. _939787 |
||
| 245 |
_aTrends in broadcast journalism/ _cSandra M. Martinez. |
||
| 260 |
_aCanada: _bSociety Publishing, _c©2019. |
||
| 300 |
_axii, 182 pages: _bcolor illustrations; _c23 cm |
||
| 500 | _aIncludes references and index. | ||
| 650 | 0 |
_aBroadcast journalism. _939788 |
|
| 365 |
_b5,675.00 _cPhp |
||
| 942 |
_2ddc _cDC |
||